| 000 | 00715nam a2200205Ia 4500 | ||
|---|---|---|---|
| 005 | 20260408073013.0 | ||
| 008 | 160316s1987 xxu||||| |||| 00| 0 eng d | ||
| 020 | _a333909291 | ||
| 082 | _a301 JAY | ||
| 100 | _aJayaram, N. | ||
| 245 |
_aIntroductory sociology / _cN. Jayaram |
||
| 260 |
_aChennai : _bMacmillan India, _c1987. |
||
| 300 |
_axvi, 203 p. ; _c21 cm. |
||
| 365 | _bRs.130 | ||
| 505 | _aChapter 1: Sociology: themes and issues Chapter 2: Patterns of inequality Chapter 3: Power and politics Chapter 4: The family Chapter 5: Education Chapter 6: Work Chapter 7: Belief system Chapter 8: Deviance | ||
| 650 | _aSociology | ||
| 650 | _aSocial science | ||
| 700 |
_a _a |
||
| 942 |
_2ddc _cBK |
||
| 999 |
_c13617 _d13617 |
||